Magbook Indian polity& Governance / (Record no. 152428)
[ view plain ]
| 000 -LEADER | |
|---|---|
| fixed length control field | 00777nam a22002057a 4500 |
| 005 - DATE AND TIME OF LATEST TRANSACTION | |
| control field | 20180601164408.0 |
| 010 ## - LCCN (DPL NO) | |
| LC control number | B-694047 |
| 020 ## - INTERNATIONAL STANDARD BOOK NUMBER | |
| International Standard Book Number | 9789312140390 |
| Terms of availability | 205.00 |
| 035 ## - SYSTEM CONTROL NUMBER | |
| System control number | B-694047 |
| 037 ## - SOURCE OF ACQUISITION | |
| Source of stock number/acquisition | R.K. Books |
| 082 ## - DEWEY DECIMAL CLASSIFICATION NUMBER | |
| Classification number | 320 |
| 100 ## - MAIN ENTRY--PERSONAL NAME | |
| Personal name | Sharma, Mohit |
| 245 ## - TITLE STATEMENT | |
| Title | Magbook Indian polity& Governance / |
| Statement of responsibility, etc | by Mohit Sharma |
| 246 ## - VARYING FORM OF TITLE | |
| Title proper/short title | Indian polity & Governance |
| 260 ## - PUBLICATION, DISTRIBUTION, ETC. (IMPRINT) | |
| Place of publication, distribution, etc | Delhi |
| Name of publisher, distributor, etc | Arihant Publications (India) Limited |
| Date of publication, distribution, etc | 2017 |
| 270 ## - ADDRESS | |
| Address | 4577/15, Agarwal Road, Darya Ganj |
| City | New Delhi |
| Postal code | 110002 |
| Telephone number | 011-47630600 |
| Fax number | 011-23280316 |
| 300 ## - PHYSICAL DESCRIPTION | |
| Extent | 230p. |
| Dimensions | 25cm.(pbk) |
| 942 ## - ADDED ENTRY ELEMENTS (KOHA) | |
| Source of classification or shelving scheme | Dewey Decimal Classification |
| Item type | English Books |
| Call number suffix | SHA |
| Classification part | 320 |
| Withdrawn status | Lost status | Not for loan | Collection code | Home library | Current library | Date acquired | Source of acquisition | Cost, normal purchase price | Full call number | Barcode | Copy number | Cost, replacement price | Koha item type |
|---|---|---|---|---|---|---|---|---|---|---|---|---|---|
| Non-fiction | Sarojini Nagar | Sarojini Nagar | 30/05/2018 | R.K.Books/398/23.05.2018/456/18.05.2018/29.05.2018 | 205.00 | 320 SHA | B-694047 | 1 | 205.00 | English Books |
